000 00509nam a22001937a 4500
003 OSt
008 250402b |||||||| |||| 00| 0 eng d
020 _a9788180142413
082 _a333.9163
_bS96W
100 _aSuresh, R.
245 _aWatershed : planning & management /
_cby R. Suresh
250 _a1st ed.
260 _a.- Delhi
_b: Standard Publishers Distributors
_c, 2017
300 _axiv,666p.
650 _aSocial Sciences
650 _aEconomics
650 _aWatershed
942 _2ddc
_cDB
_03
999 _c47771
_d47771